| 000 | 00873nam a2200229Ii 4500 | ||
|---|---|---|---|
| 003 | JO-AjNU | ||
| 008 | 230605s9999||||xx |||||||||||||| ||und|| | ||
| 017 | _a2009/6/2434 | ||
| 020 | _a9957-16-538-3 | ||
| 040 |
_aJO-AjNU _bara _erda _cJO-AjNU |
||
| 041 | _aara | ||
| 050 | 1 | 4 | _aKMM2.8.S58.2010 |
| 100 | 3 |
_a شوشاري ، صلاح الدين , _eauthor _912194 |
|
| 245 | 0 | 0 | _aالصيغ النموذجية في الدعاوى الحقوقية - الدعاوى الجزائية - العقود والاتفاقيات - الإنذرات والإخطارات - الإقرارات والوكالات |
| 250 | _aط1 | ||
| 264 | 3 | 1 | _aعمان : دار الثقافة ،2010 |
| 300 | _a272ص | ||
| 336 |
_atext _btxt _2rdacontent |
||
| 337 |
_aunmediated _bn _2rdamedia |
||
| 338 |
_avolume _bnc _2rdacarrier |
||
| 650 | 4 |
_aالدعاوي -- أصول المحاكم _912195 |
|
| 999 |
_aA2714 _c6282 _d6282 |
||